000 00616nam a2200205Ia 4500
005 20250508153244.0
008 008 250505s9999 xx 000 0 eng d
037 _aTextual
040 _aFEDL
_beng
_cFEDL
041 _aeng
_2eng
084 _a016.37835, COT
_qFEDL
100 _aCotner Thomas E
_9763534
245 0 _aInternational educational exchange: A selected bibliography
260 _aWashington, USA
_bU.S. Government Printing Office
_c1961
300 _av,117p.
365 _aINR
_b3.3
650 _aBibliographies
942 _cTEXL
_h016.37835, COT
999 _c1341548
_d1341548